Pokemon de A-Z Gen 9 - Statistiques

Statistiques générales
  • Ce quiz a été pris 29 fois
  • Le résultat moyen est 14 sur 20
Statistiques - réponses
Lettre Type 1 Type 2 Stage Réponse % Correct
B Ténèbres Glace 1/1 Baojian
86%
K Combat Dragon 1/1 Koraidon
86%
N Dragon Eau 1/1 Nigirigon
86%
Z Électrik Vol 1/2 Zapétrel
86%
A Électrik X 2/2 Ampibidou
82%
D Eau X 1/2 Dofin
82%
C Roche X 1/1 Craparoi
77%
G Fée Combat 1/1 Garde-de-Fer
77%
L Vol Ténèbres 1/1 Lestombaile
77%
O Plante Normal 2/3 Olivado
77%
S Roche X 1/3 Selutin
77%
V Acier Poison 1/2 Vrombi
77%
Y Ténèbres Feu 1/1 Yuyu
77%
F Normal Psy 2/2 Farigiraf
73%
H Glace Eau 1/1 Hotte-de-Fer
73%
T Sol Plante 2/2 Terracruel
73%
P Fée X 1/2 Patachiot
64%
R Insecte Combat 1/1 Rampe-Ailes
64%
E Roche Électrik 1/1 Épines-de-Fer
41%
M Spectre X 1/2 Mordurdor
5%
Aucun quiz correspondant
Distribution des résultats
% des personnes avec chaque résultat
Percentile par nombre de réponses
Votre historique - résultats
Vous n’avez pas pris ce quiz